| 000 | 00616nam a22002057a 4500 | ||
|---|---|---|---|
| 003 | 0 | ||
| 005 | 20260124143718.0 | ||
| 008 | 260124b xxu||||| |||| 00| 0 eng d | ||
| 020 | _a9798888367292 | ||
| 050 |
_aQH 430 _b.L69 2025 |
||
| 100 | _aLlyod, Ayden | ||
| 245 |
_aPrinciples of genetics _cAyden Lloyd |
||
| 260 |
_aNew York : _bLarsen & Keller Education ; _c2025 |
||
| 300 |
_a222 pages : _bcolored illustrations and photos ; _c27cm. |
||
| 504 | _aIncludes references and index. | ||
| 650 | _aGenetics. | ||
| 650 | _aGenetics — Study and teaching. | ||
| 650 | _aMolecular genetics. | ||
| 942 |
_2lcc _cBK |
||
| 999 |
_c368765 _d368765 |
||